[Event "Mittelfranken-chTB1 1314"]
[Site "Mittelfranken"]
[Date "2014.03.30"]
[Round "8.2"]
[White "Link, Andreas"]
[Black "Balogh, Viktor"]
[Result "0-1"]
[WhiteElo "1977"]
[BlackElo "2167"]
[PlyCount "70"]
[EventDate "2013.10.20"]
[EventType "team-tourn"]
[EventRounds "9"]
[EventCountry "GER"]
[SourceTitle "EXT 2020"]
[Source "ChessBase"]
[SourceDate "2019.10.17"]
[SourceVersion "1"]
[SourceVersionDate "2019.10.17"]
[SourceQuality "1"]
[WhiteTeam "Nuernberg Zabo"]
[BlackTeam "Erlangen SC II"]
[WhiteTeamCountry "GER"]
[BlackTeamCountry "GER"]

1. d4 Nf6 2. c4 e6 3. Nf3 b6 4. g3 Ba6 5. Nbd2 d5 6. Bg2 Be7 7. 0-0 0-0 8. Ne5 Bb7 9. Qc2 Nfd7 10. Nxd7 Nxd7 11. cxd5 exd5 12. Nf3 Bf6 13. Rd1 Rc8 14. h4 h6 15. Bf4 Qe7 16. Rac1 c5 17. Qf5 Rfd8 18. dxc5 bxc5 19. Rc2 g6 20. Qd3 Bg7 21. Qa3 a6 22. Ne1 Nf6 23. Nd3 Ne4 24. Rdc1 g5 25. hxg5 hxg5 26. Bd2 Bf8 27. Ba5 Re8 28. Bb6 Qf6 29. Qa5 c4 30. Ne1 Bc5 31. Bxc5 Rxc5 32. Qa4 Qxf2+ 33. Kh1 Nxg3+ 34. Kh2 Nf1+ 35. Kh1 Re6 0-1

[Event "Regionalliga NO 1112"]
[Site "Bayern"]
[Date "2012.02.26"]
[Round "7.3"]
[White "Kraeussling, Andreas"]
[Black "Balogh, Viktor"]
[Result "1/2-1/2"]
[WhiteElo "2109"]
[BlackElo "2213"]
[PlyCount "87"]
[EventDate "2011.10.02"]
[EventType "team-tourn"]
[EventRounds "9"]
[EventCountry "GER"]
[SourceTitle "EXT 2015"]
[Source "ChessBase"]
[SourceDate "2014.11.20"]
[SourceVersion "1"]
[SourceVersionDate "2014.11.20"]
[SourceQuality "1"]
[WhiteTeam "Forchheim II"]
[BlackTeam "Erlangen"]
[WhiteTeamCountry "GER"]
[BlackTeamCountry "GER"]

1. d4 Nf6 2. c4 e6 3. Nf3 b6 4. Bf4 Bb7 5. e3 c5 6. Be2 Be7 7. h3 0-0 8. 0-0 cxd4 9. Nxd4 d5 10. Nc3 Nbd7 11. cxd5 Nxd5 12. Nxd5 Bxd5 13. Bf3 Nf6 14. Nc6 Qd7 15. Nxe7+ Qxe7 16. Qe2 Qb4 17. Bxd5 Nxd5 18. Bg3 Rac8 19. Rfc1 Rc5 20. a3 Qa5 21. e4 Nf6 22. Bd6 Rxc1+ 23. Rxc1 Rd8 24. Be7 Re8 25. Bxf6 gxf6 26. f4 b5 27. Kh2 Kh8 28. Rc5 a6 29. Qh5 Qd2 30. Qh4 Kg7 31. Rh5 Rg8 32. Rc5 Qd4 33. Rc3 Kh8 34. Qh6 Qd8 35. Rg3 Rxg3 36. Kxg3 Kg8 37. Kh2 Qd4 38. e5 fxe5 39. Qg5+ Kf8 40. fxe5 Qxb2 41. Qd8+ Kg7 42. Qg5+ Kf8 43. Qd8+ Kg7 44. Qg5+ 1/2-1/2

[Event "Regionalliga NO 1112"]
[Site "Bayern"]
[Date "2011.10.23"]
[Round "2.3"]
[White "Balogh, Viktor"]
[Black "Braginsky, Alexej"]
[Result "1/2-1/2"]
[WhiteElo "2213"]
[BlackElo "2074"]
[PlyCount "87"]
[EventDate "2011.10.02"]
[EventType "team-tourn"]
[EventRounds "9"]
[EventCountry "GER"]
[SourceTitle "EXT 2013"]
[Source "ChessBase"]
[SourceDate "2012.11.22"]
[SourceVersion "1"]
[SourceVersionDate "2012.11.22"]
[SourceQuality "1"]
[WhiteTeam "Erlangen"]
[BlackTeam "Fuerth"]
[WhiteTeamCountry "GER"]
[BlackTeamCountry "GER"]

1. e4 c5 2. Nc3 Nc6 3. Nge2 g6 4. d4 cxd4 5. Nxd4 Bg7 6. Be3 d6 7. Qd2 Nf6 8. f3 0-0 9. Bc4 Bd7 10. 0-0-0 Rc8 11. Bb3 Ne5 12. h4 h5 13. Bg5 Rc5 14. Kb1 Re8 15. g4 hxg4 16. h5 Nxh5 17. Rxh5 gxh5 18. Qh2 Qb6 19. Qxh5 e6 20. Bh6 Qd8 21. f4 Nc6 22. Nf5 Rxf5 23. exf5 Qf6 24. Bxg7 Qxg7 25. fxe6 Bxe6 26. f5 Bxb3 27. axb3 Rd8 28. Nd5 f6 29. Qxg4 Qxg4 30. Nxf6+ Kf7 31. Nxg4 Ne7 32. f6 Ng8 33. c4 Ke6 34. Re1+ Kf7 35. Kc2 Re8 36. Rxe8 Kxe8 37. Kc3 Kf7 38. Kd4 Nxf6 39. Ne3 Ke6 40. b4 Kd7 41. b5 Ne8 42. Nd5 Ng7 43. b4 Ne6+ 44. Ke4 1/2-1/2

[Event "Regionalliga NO 1011"]
[Site "Bayern"]
[Date "2011.01.16"]
[Round "5.3"]
[White "Balogh, Viktor"]
[Black "Hanisch, Friedrich"]
[Result "1-0"]
[WhiteElo "2225"]
[BlackElo "2045"]
[PlyCount "57"]
[EventDate "2010.10.10"]
[EventType "team-tourn"]
[EventRounds "9"]
[EventCountry "GER"]
[SourceTitle "EXT 2012"]
[Source "ChessBase"]
[SourceDate "2011.11.24"]
[SourceVersion "1"]
[SourceVersionDate "2011.11.24"]
[SourceQuality "1"]
[WhiteTeam "Erlangen"]
[BlackTeam "Lauf"]
[WhiteTeamCountry "GER"]
[BlackTeamCountry "GER"]

1. e4 e6 2. d4 d5 3. Nd2 Nf6 4. e5 Nfd7 5. c3 c5 6. Bd3 Nc6 7. Ne2 cxd4 8. cxd4 f6 9. exf6 Nxf6 10. Nf3 Bd6 11. 0-0 0-0 12. Bf4 Bxf4 13. Nxf4 Ne4 14. Qc1 Qd6 15. Ne2 e5 16. Qe3 exd4 17. Nexd4 Bd7 18. Nb5 Qc5 19. Nc7 Qxe3 20. fxe3 Nb4 21. Nxa8 Nxd3 22. Nc7 Nf6 23. Rad1 Nxb2 24. Rb1 Nc4 25. Rxb7 Rd8 26. Rxa7 Bg4 27. Nd4 Ne5 28. Nce6 Bxe6 29. Rxg7+ 1-0

[Event "HUN-chT2 Charousek 0809"]
[Site "Hungary"]
[Date "2008.11.02"]
[Round "2"]
[White "Balogh, Viktor"]
[Black "Pali, Gabor"]
[Result "1-0"]
[WhiteElo "2237"]
[BlackElo "2049"]
[PlyCount "35"]
[EventDate "2008.10.26"]
[EventType "tourn"]
[EventRounds "11"]
[EventCountry "HUN"]
[SourceTitle "EXT 2010"]
[Source "ChessBase"]
[SourceDate "2010.11.25"]
[SourceVersion "1"]
[SourceVersionDate "2010.11.25"]
[SourceQuality "1"]
[WhiteTeam "Honved"]
[BlackTeam "Barcza"]
[WhiteTeamCountry "HUN"]
[BlackTeamCountry "HUN"]

1. e4 c6 2. d4 Na6 3. Nd2 Nc7 4. Ngf3 d5 5. h3 e6 6. e5 b5 7. Bd3 c5 8. dxc5 Bxc5 9. Nb3 Bb6 10. Qe2 Bd7 11. 0-0 Ne7 12. Be3 Rb8 13. Bg5 0-0 14. Nbd4 Qe8 15. Qd2 Nc6 16. Nxc6 Bxc6 17. Qf4 Na6 18. Bf6 1-0

[Event "HUN-chT2 Breyer 0708"]
[Site "Hungary"]
[Date "2007.12.09"]
[Round "4"]
[White "Balogh, Viktor"]
[Black "Sipos, Istvan"]
[Result "0-1"]
[WhiteElo "2256"]
[BlackElo "2337"]
[PlyCount "130"]
[EventDate "2007.10.14"]
[EventType "team-tourn"]
[EventRounds "11"]
[EventCountry "HUN"]
[SourceTitle "EXT 2009"]
[Source "ChessBase"]
[SourceDate "2008.11.26"]
[SourceVersion "1"]
[SourceVersionDate "2008.11.26"]
[SourceQuality "1"]
[WhiteTeam "Honved II"]
[BlackTeam "Geniusz Tata"]
[WhiteTeamCountry "HUN"]
[BlackTeamCountry "HUN"]

1. e4 e6 2. d4 d5 3. Nd2 Nf6 4. e5 Nfd7 5. c3 c5 6. Bd3 Nc6 7. Ne2 cxd4 8. cxd4 f6 9. exf6 Nxf6 10. Nf3 Bd6 11. 0-0 0-0 12. Bf4 Bxf4 13. Nxf4 Ne4 14. Qc1 Qd6 15. g3 Bd7 16. Qe3 Rf5 17. Nd2 Nxd2 18. Qxd2 Nxd4 19. Qe3 e5 20. Rfe1 Rf7 21. Rad1 Bg4 22. Be2 Bxe2 23. Rxd4 exd4 24. Qxe2 Raf8 25. h4 Qa6 26. Qxa6 bxa6 27. Rd1 Rxf4 28. gxf4 Rxf4 29. h5 Kf7 30. Kg2 Rh4 31. Kg3 Rxh5 32. Rxd4 Re5 33. f4 Rf5 34. Kg4 g6 35. Rb4 Ke6 36. Ra4 h5+ 37. Kg3 a5 38. Rxa5 Rf7 39. Ra6+ Kf5 40. Rd6 Ke4 41. Re6+ Kd3 42. Rxg6 d4 43. Rd6 h4+ 44. Kxh4 Rxf4+ 45. Kg3 Rf7 46. b4 Kc3 47. b5 d3 48. a4 d2 49. Rc6+ Kb3 50. Rd6 Kc2 51. Rc6+ Kd3 52. Rd6+ Ke2 53. Re6+ Kf1 54. Rd6 Rf2 55. a5 Re2 56. b6 Ke1 57. b7 Re8 58. b8Q Rxb8 59. Re6+ Kf1 60. Rf6+ Kg1 61. Rd6 Rb2 62. Kf3 Kf1 63. Rd8 Rb3+ 64. Kf4 Ke2 65. Re8+ Kd3 0-1

[Event "HUN-chT2 Maroczy 0506"]
[Site "Hungary"]
[Date "2006.04.09"]
[Round "10"]
[White "Balogh, Viktor"]
[Black "Emodi, Barnabas"]
[Result "0-1"]
[WhiteElo "2272"]
[BlackElo "2380"]
[PlyCount "112"]
[EventDate "2005.10.16"]
[EventType "team-tourn"]
[EventRounds "11"]
[EventCountry "HUN"]
[SourceTitle "EXT 2009"]
[Source "ChessBase"]
[SourceDate "2008.11.26"]
[SourceVersion "1"]
[SourceVersionDate "2008.11.26"]
[SourceQuality "1"]
[WhiteTeam "Honved II"]
[BlackTeam "Miskolc EMSE"]
[WhiteTeamCountry "HUN"]
[BlackTeamCountry "HUN"]

1. e4 c5 2. Nf3 Nc6 3. d4 cxd4 4. Nxd4 g6 5. Nc3 Bg7 6. Be3 Nf6 7. Bc4 0-0 8. Bb3 a5 9. 0-0 d6 10. h3 Bd7 11. a4 Rc8 12. Re1 Ne5 13. Qe2 Rxc3 14. bxc3 Nxe4 15. Bd2 Nxd2 16. Qxd2 e6 17. f4 Nc6 18. Rad1 Qb6 19. Kh1 Ne7 20. c4 Rc8 21. Nf3 Nf5 22. Kh2 Bc6 23. Ng5 Rd8 24. Ne4 Bd4 25. Qd3 Be3 26. Rf1 Qd4 27. Qxd4 Bxd4 28. Ng3 Nxg3 29. Kxg3 Bc5 30. Rd2 Ra8 31. Rfd1 Rd8 32. c3 Kf8 33. Ra1 Ke7 34. Bd1 e5 35. fxe5 dxe5 36. Rxd8 Kxd8 37. Ra2 Ke7 38. Rd2 f5 39. Rd5 Bxd5 40. cxd5 Kf6 41. Be2 e4 42. d6 Bxd6+ 43. Kf2 Be5 44. Bb5 Bxc3 45. h4 h6 46. Be8 g5 47. hxg5+ hxg5 48. Bd7 Ke5 49. Ke2 Bd4 50. Bb5 g4 51. Bd7 g3 52. Kf1 f4 53. Bb5 f3 54. Bc4 Bc5 55. Bb5 Kd5 56. Bd7 e3 0-1

[Event "HUN-chT2 Maroczy 0506"]
[Site "Hungary"]
[Date "2006.01.22"]
[Round "6"]
[White "Balogh, Viktor"]
[Black "Demeter, Istvan"]
[Result "1/2-1/2"]
[WhiteElo "2272"]
[BlackElo "2166"]
[PlyCount "77"]
[EventDate "2005.10.16"]
[EventType "team-tourn"]
[EventRounds "11"]
[EventCountry "HUN"]
[SourceTitle "EXT 2009"]
[Source "ChessBase"]
[SourceDate "2008.11.26"]
[SourceVersion "1"]
[SourceVersionDate "2008.11.26"]
[SourceQuality "1"]
[WhiteTeam "Honved II"]
[BlackTeam "Matra"]
[WhiteTeamCountry "HUN"]
[BlackTeamCountry "HUN"]

1. e4 c5 2. Nf3 Nc6 3. d4 cxd4 4. Nxd4 g6 5. Nc3 Bg7 6. Be3 Nf6 7. Bc4 Qa5 8. 0-0 0-0 9. Bb3 d6 10. h3 Bd7 11. Re1 Rac8 12. Qd3 a6 13. Nd5 Qd8 14. c3 Na5 15. Rad1 Nxb3 16. Nxb3 Bc6 17. Bb6 Qe8 18. Bd4 e5 19. Nxf6+ Bxf6 20. Bb6 Be7 21. Na5 Kg7 22. Nxc6 Qxc6 23. Be3 Qc4 24. Qd2 Kg8 25. Bh6 Rfd8 26. a3 f6 27. Be3 Rc6 28. Qd5+ Qxd5 29. Rxd5 Rc4 30. f3 f5 31. exf5 gxf5 32. f4 Re4 33. Bd2 Kf7 34. Rxe4 fxe4 35. fxe5 Ke6 36. c4 Rc8 37. exd6 Bxd6 38. Rh5 Rxc4 39. Bc3 1/2-1/2

[Event "HUN-chT 0506"]
[Site "Hungary"]
[Date "2005.12.04"]
[Round "5"]
[White "Grabics, Monika"]
[Black "Balogh, Viktor"]
[Result "1-0"]
[WhiteElo "2306"]
[BlackElo "2272"]
[PlyCount "49"]
[EventDate "2005.10.16"]
[EventType "team-tourn"]
[EventRounds "11"]
[EventCountry "HUN"]
[SourceTitle "EXT 2007"]
[Source "ChessBase"]
[SourceDate "2006.11.23"]
[SourceVersion "1"]
[SourceVersionDate "2006.11.23"]
[SourceQuality "1"]

1. e4 c5 2. Nf3 d6 3. d4 cxd4 4. Nxd4 Nf6 5. Nc3 Nc6 6. Bg5 a6 7. Bxf6 gxf6 8. Be2 e6 9. 0-0 Qb6 10. Nb3 Bd7 11. Bh5 Ne5 12. Kh1 0-0-0 13. f4 Ng6 14. Qe2 Be7 15. a4 Kb8 16. a5 Qc7 17. f5 Ne5 18. Nd4 Rhg8 19. Bxf7 Nxf7 20. fxe6 Qc5 21. exf7 Rg5 22. Qd2 d5 23. exd5 Rh5 24. Nf3 Bg4 25. Qf4+ 1-0

[Event "HUN-chT 0506"]
[Site "Hungary"]
[Date "2005.11.13"]
[Round "3"]
[White "Balogh, Viktor"]
[Black "Horvath, Andras"]
[Result "1/2-1/2"]
[WhiteElo "2272"]
[BlackElo "2339"]
[PlyCount "42"]
[EventDate "2005.10.16"]
[EventType "team-tourn"]
[EventRounds "11"]
[EventCountry "HUN"]
[SourceTitle "EXT 2007"]
[Source "ChessBase"]
[SourceDate "2006.11.23"]
[SourceVersion "1"]
[SourceVersionDate "2006.11.23"]
[SourceQuality "1"]

1. e4 e5 2. Nf3 Nc6 3. Nc3 Nf6 4. Bb5 Bb4 5. 0-0 0-0 6. d3 Bxc3 7. bxc3 d6 8. Bg5 Qe7 9. Re1 Nd8 10. d4 Ne6 11. Bc1 Rd8 12. Bf1 c5 13. g3 b6 14. Bg2 Qc7 15. d5 Nf8 16. Nh4 Ne8 17. f4 exf4 18. gxf4 Qe7 19. Nf3 Bg4 20. c4 Ng6 21. Qd3 Nf6 1/2-1/2

[Event "HUN-chT2 Breyer 0405"]
[Site "Hungary"]
[Date "2005.04.24"]
[Round "11"]
[White "Goblyos, Gyorgy"]
[Black "Balogh, Viktor"]
[Result "1/2-1/2"]
[WhiteElo "2153"]
[BlackElo "2285"]
[PlyCount "21"]
[EventDate "2004.09.26"]
[EventType "team-tourn"]
[EventRounds "11"]
[EventCountry "HUN"]
[SourceTitle "EXT 2009"]
[Source "ChessBase"]
[SourceDate "2008.11.26"]
[SourceVersion "1"]
[SourceVersionDate "2008.11.26"]
[SourceQuality "1"]
[WhiteTeam "MAFC"]
[BlackTeam "Honved II"]
[WhiteTeamCountry "HUN"]
[BlackTeamCountry "HUN"]

1. e4 c5 2. Nc3 Nc6 3. Nf3 d6 4. d4 cxd4 5. Nxd4 Nf6 6. Be2 e5 7. Nb3 Be7 8. 0-0 0-0 9. Kh1 a5 10. a4 Be6 11. f4 1/2-1/2

[Event "HUN-chT 0405"]
[Site "Hungary"]
[Date "2005.04.10"]
[Round "10"]
[White "Balogh, Viktor"]
[Black "Goczo, Melinda"]
[Result "0-1"]
[WhiteElo "2285"]
[BlackElo "2248"]
[PlyCount "82"]
[EventDate "2004.09.26"]
[EventType "team-tourn"]
[EventRounds "11"]
[EventCountry "HUN"]
[SourceTitle "EXT 2011"]
[Source "ChessBase"]
[SourceDate "2010.11.26"]
[SourceVersion "1"]
[SourceVersionDate "2010.11.26"]
[SourceQuality "1"]
[WhiteTeam "Honved"]
[BlackTeam "Piremon"]
[WhiteTeamCountry "HUN"]
[BlackTeamCountry "HUN"]

1. e4 e6 2. Qe2 c5 3. Nf3 Nc6 4. g3 Nge7 5. Bg2 g6 6. c3 Bg7 7. 0-0 d6 8. d3 0-0 9. Be3 f5 10. Nfd2 Rb8 11. f4 b6 12. Nf3 Ba6 13. Ng5 Qd7 14. exf5 gxf5 15. Re1 h6 16. Nf3 e5 17. Qc2 Ng6 18. Nbd2 d5 19. fxe5 Ncxe5 20. Nxe5 Nxe5 21. d4 Nd3 22. Red1 Rbe8 23. Nf1 c4 24. Bf3 Kh8 25. Qg2 Bb7 26. Kh1 Qd6 27. Bg1 f4 28. g4 Bf6 29. Qh3 Bg5 30. b3 b5 31. a4 a6 32. axb5 axb5 33. Qh5 Qf6 34. bxc4 bxc4 35. Rab1 Re7 36. Kg2 Bc6 37. Bf2 Be8 38. Qh3 Re3 39. Kg1 Nxf2 40. Kxf2 Rxc3 41. Kg2 Rc2+ 0-1

[Event "HUN-chT 0405"]
[Site "Hungary"]
[Date "2005.03.06"]
[Round "9"]
[White "Orosz, Andras"]
[Black "Balogh, Viktor"]
[Result "0-1"]
[WhiteElo "2255"]
[BlackElo "2285"]
[PlyCount "61"]
[EventDate "2004.09.26"]
[EventType "team-tourn"]
[EventRounds "11"]
[EventCountry "HUN"]
[SourceTitle "EXT 2011"]
[Source "ChessBase"]
[SourceDate "2010.11.26"]
[SourceVersion "1"]
[SourceVersionDate "2010.11.26"]
[SourceQuality "1"]
[WhiteTeam "BEAC Rufusz"]
[BlackTeam "Honved"]
[WhiteTeamCountry "HUN"]
[BlackTeamCountry "HUN"]

1. e4 c5 2. c3 d5 3. exd5 Qxd5 4. d4 g6 5. Nf3 Bg7 6. c4 Qd8 7. d5 Nh6 8. Nc3 Nf5 9. Bd3 0-0 10. 0-0 a6 11. Re1 Nd6 12. Bg5 Re8 13. Qe2 Kf8 14. Qe3 Qc7 15. Bh6 Nd7 16. Ne4 Nf5 17. Bxg7+ Kxg7 18. Qd2 b6 19. Qc3+ Kg8 20. Re2 Bb7 21. Rae1 e5 22. dxe6 Rxe6 23. Nfg5 Ree8 24. Nxf7 Nd4 25. Nh6+ Kf8 26. Re3 Qf4 27. Kh1 Qxh6 28. Nd6 Rxe3 29. fxe3 Nf3 30. gxf3 Bxf3+ 31. Kg1 0-1

[Event "HUN-chT2 Breyer 0405"]
[Site "Hungary"]
[Date "2005.02.06"]
[Round "7"]
[White "Novak, Attila Robert"]
[Black "Balogh, Viktor"]
[Result "0-1"]
[WhiteElo "2023"]
[BlackElo "2285"]
[PlyCount "70"]
[EventDate "2004.09.26"]
[EventType "team-tourn"]
[EventRounds "11"]
[EventCountry "HUN"]
[SourceTitle "EXT 2009"]
[Source "ChessBase"]
[SourceDate "2008.11.26"]
[SourceVersion "1"]
[SourceVersionDate "2008.11.26"]
[SourceQuality "1"]
[WhiteTeam "Balatonfuered"]
[BlackTeam "Honved II"]
[WhiteTeamCountry "HUN"]
[BlackTeamCountry "HUN"]

1. d4 Nf6 2. c4 e6 3. Bg5 b6 4. Nf3 Bb7 5. a3 h6 6. Bxf6 Qxf6 7. Nc3 d5 8. cxd5 exd5 9. e3 Nd7 10. Qb3 Qe6 11. Nb5 Bd6 12. Nxd6+ Qxd6 13. Rc1 0-0 14. Be2 Rac8 15. 0-0 c6 16. Rc3 Rc7 17. Rfc1 Rfc8 18. Qa4 a5 19. g3 Nf6 20. Bd3 g6 21. b4 axb4 22. Qxb4 c5 23. dxc5 bxc5 24. Qh4 Kg7 25. Qf4 Qe7 26. Nd2 d4 27. R3c2 Nd5 28. Qe4 Qf6 29. Qg4 dxe3 30. Ne4 Qd4 31. Qd1 exf2+ 32. Rxf2 Ne3 33. Qb3 c4 34. Bxc4 Qxe4 35. Qc3+ Kh7 0-1

[Event "HUN-chT2 Erkel 0304"]
[Site "Hungary"]
[Date "2004.01.25"]
[Round "6"]
[White "Nyiri, Daniel"]
[Black "Balogh, Viktor"]
[Result "0-1"]
[WhiteElo "2047"]
[BlackElo "2258"]
[PlyCount "110"]
[EventDate "2003.09.28"]
[EventType "team-tourn"]
[EventRounds "11"]
[EventCountry "HUN"]
[SourceTitle "EXT 2009"]
[Source "ChessBase"]
[SourceDate "2008.11.26"]
[SourceVersion "1"]
[SourceVersionDate "2008.11.26"]
[SourceQuality "1"]
[WhiteTeam "Fuzesabony"]
[BlackTeam "Honved II"]
[WhiteTeamCountry "HUN"]
[BlackTeamCountry "HUN"]

1. e4 c5 2. Nf3 d6 3. d4 cxd4 4. Nxd4 Nf6 5. Nc3 Nc6 6. Be2 e5 7. Nb3 Be7 8. 0-0 0-0 9. f4 exf4 10. Bxf4 Be6 11. Bf3 Ne5 12. Nd5 Nfd7 13. Kh1 Rc8 14. c3 Bg5 15. Qd2 Bxf4 16. Qxf4 Nc5 17. Nd4 Na4 18. Rab1 Nb6 19. Nf5 Nxd5 20. exd5 Bxf5 21. Qxf5 g6 22. Qf4 Rc4 23. Qe3 Qa5 24. a3 b5 25. Be2 Rcc8 26. Rf6 Qd8 27. Rbf1 a6 28. Qh6 Qe7 29. g4 Nd7 30. R6f2 Rc5 31. Qd2 Ne5 32. g5 Qb7 33. Rd1 Re8 34. Rf6 Rd8 35. Qd4 Qe7 36. Rdf1 Rf8 37. R1f2 Nd7 38. b4 Rc7 39. Qf4 Ne5 40. Qd4 Rfc8 41. a4 Rxc3 42. axb5 Rc1+ 43. Kg2 axb5 44. Bxb5 Rb1 45. Qe3 Qb7 46. Rxd6 Ng4 47. Qe4 Nxf2 48. Qxb1 Qxb5 49. Kxf2 Qb8 50. Rc6 Qf4+ 51. Kg2 Qxg5+ 52. Kf2 Qf4+ 53. Kg2 Re8 54. Qc2 Re3 55. Rc4 Qf3+ 0-1

[Event "HUN-chT2 Erkel 0304"]
[Site "Hungary"]
[Date "2003.12.07"]
[Round "5"]
[White "Balogh, Viktor"]
[Black "Darazs, Zoltan"]
[Result "1/2-1/2"]
[WhiteElo "2258"]
[BlackElo "2209"]
[PlyCount "72"]
[EventDate "2003.09.28"]
[EventType "team-tourn"]
[EventRounds "11"]
[EventCountry "HUN"]
[SourceTitle "EXT 2009"]
[Source "ChessBase"]
[SourceDate "2008.11.26"]
[SourceVersion "1"]
[SourceVersionDate "2008.11.26"]
[SourceQuality "1"]
[WhiteTeam "Honved II"]
[BlackTeam "Szekuritas"]
[WhiteTeamCountry "HUN"]
[BlackTeamCountry "HUN"]

1. e4 e5 2. Nf3 Nc6 3. Nc3 Nf6 4. Bb5 Nd4 5. Bd3 Nc6 6. 0-0 Bc5 7. Bb5 d6 8. d4 exd4 9. Nxd4 Bd7 10. Nf5 Kf8 11. Bxc6 bxc6 12. Qf3 Rb8 13. Na4 Bb6 14. Bg5 h6 15. Bd2 Kg8 16. Bc3 Bxf5 17. Qxf5 Qd7 18. Nxb6 Qxf5 19. exf5 cxb6 20. Bxf6 gxf6 21. Rfe1 Kg7 22. Re3 Rhe8 23. Rae1 Re5 24. Rg3+ Kh7 25. Rxe5 fxe5 26. f4 e4 27. f6 Rg8 28. Rxg8 Kxg8 29. g4 Kh7 30. f5 d5 31. Kf2 d4 32. b4 a5 33. bxa5 bxa5 34. a4 c5 35. h4 c4 36. Ke2 d3+ 1/2-1/2

[Event "Elekes Memorial IM 27th"]
[Site "Budapest"]
[Date "2002.05.24"]
[Round "7"]
[White "Harmon, Clark R"]
[Black "Balogh, Viktor"]
[Result "1/2-1/2"]
[WhiteElo "2201"]
[BlackElo "2236"]
[PlyCount "80"]
[EventDate "2002.05.18"]
[EventType "tourn"]
[EventRounds "11"]
[EventCountry "HUN"]
[EventCategory "3"]
[SourceTitle "EXT 2003"]
[Source "ChessBase"]
[SourceDate "2002.11.25"]
[SourceVersion "1"]
[SourceVersionDate "2002.11.25"]
[SourceQuality "1"]

1. d4 Nf6 2. Nf3 e6 3. Bf4 c5 4. e3 Be7 5. Nbd2 Nh5 6. Bxb8 Rxb8 7. Bd3 b6 8. Ne5 Nf6 9. c3 Bb7 10. 0-0 0-0 11. f4 d6 12. Nef3 cxd4 13. cxd4 Nd5 14. Re1 Rc8 15. Qb3 g6 16. g3 Bf6 17. Rad1 Bg7 18. Bb1 Qc7 19. Kf2 Qc6 20. Bd3 Rfd8 21. h3 Qc7 22. Be4 a6 23. a4 a5 24. Rc1 Qb8 25. Qb5 Nb4 26. Bxb7 Qxb7 27. Ke2 d5 28. Rc3 Na2 29. Ra3 Nb4 30. Rc3 Rc6 31. Rec1 Rdc8 32. Rxc6 Rxc6 33. Rxc6 Qxc6 34. Ne5 Qxb5+ 35. axb5 Bxe5 36. fxe5 Kf8 37. Nb1 Ke7 38. Nc3 Kd7 39. Kd2 Kc7 40. h4 h5 1/2-1/2

[Event "Elekes Memorial IM 27th"]
[Site "Budapest"]
[Date "2002.05.22"]
[Round "5"]
[White "Petran, Pal"]
[Black "Balogh, Viktor"]
[Result "1/2-1/2"]
[WhiteElo "2368"]
[BlackElo "2236"]
[PlyCount "41"]
[EventDate "2002.05.18"]
[EventType "tourn"]
[EventRounds "11"]
[EventCountry "HUN"]
[EventCategory "3"]
[SourceTitle "EXT 2003"]
[Source "ChessBase"]
[SourceDate "2002.11.25"]
[SourceVersion "1"]
[SourceVersionDate "2002.11.25"]
[SourceQuality "1"]

1. e4 c6 2. d4 d5 3. Nc3 dxe4 4. Nxe4 Bf5 5. Ng3 Bg6 6. h4 h6 7. Nf3 Nd7 8. h5 Bh7 9. Bd3 Bxd3 10. Qxd3 e6 11. Bf4 Qa5+ 12. Bd2 Qc7 13. 0-0-0 Ngf6 14. Ne4 Nxe4 15. Qxe4 Bd6 16. g3 0-0-0 17. Rh4 Kb8 18. Bf4 Bxf4+ 19. Qxf4 Qxf4+ 20. Rxf4 Nf6 21. Rh4 1/2-1/2

[Event "Elekes Memorial IM 27th"]
[Site "Budapest"]
[Date "2002.05.21"]
[Round "4"]
[White "Balogh, Viktor"]
[Black "Dudas, Janos"]
[Result "1-0"]
[WhiteElo "2236"]
[BlackElo "2402"]
[PlyCount "81"]
[EventDate "2002.05.18"]
[EventType "tourn"]
[EventRounds "11"]
[EventCountry "HUN"]
[EventCategory "3"]
[SourceTitle "EXT 2003"]
[Source "ChessBase"]
[SourceDate "2002.11.25"]
[SourceVersion "1"]
[SourceVersionDate "2002.11.25"]
[SourceQuality "1"]

1. e4 c5 2. Nf3 Nc6 3. d4 cxd4 4. Nxd4 Nf6 5. Nc3 e5 6. Ndb5 h6 7. Nd6+ Bxd6 8. Qxd6 Qe7 9. Qd1 0-0 10. g3 d6 11. Bg2 Bg4 12. f3 Be6 13. Nd5 Bxd5 14. exd5 Nb4 15. c4 Qc7 16. b3 b5 17. a3 Na6 18. 0-0 bxc4 19. f4 Qb6+ 20. Kh1 cxb3 21. Bb2 Nd7 22. fxe5 dxe5 23. d6 Rac8 24. Qg4 Nac5 25. Rad1 Qb5 26. Rf4 f5 27. Rxf5 Rxf5 28. Qxf5 Qe2 29. Qb1 e4 30. Bd4 Qc2 31. Qa1 Rb8 32. Rf1 a5 33. Qd1 Qxd1 34. Rxd1 a4 35. Kg1 Kf7 36. Kf2 Ne5 37. Bxe5 b2 38. Bxb2 Rxb2+ 39. Ke1 Ke6 40. d7 Nxd7 41. Bh3+ 1-0

[Event "HUN-chT 0102"]
[Site "Hungary"]
[Date "2002.04.21"]
[Round "11"]
[White "Balogh, Viktor"]
[Black "Dobos, Jozsef"]
[Result "1/2-1/2"]
[WhiteElo "2234"]
[BlackElo "2309"]
[PlyCount "82"]
[EventDate "2001.??.??"]
[EventType "team-tourn"]
[EventRounds "11"]
[EventCountry "HUN"]
[SourceTitle "EXT 2004"]
[Source "ChessBase"]
[SourceDate "2003.11.25"]
[SourceVersion "1"]
[SourceVersionDate "2003.11.25"]
[SourceQuality "1"]

1. e4 c5 2. Nf3 d6 3. d4 cxd4 4. Nxd4 Nf6 5. Nc3 a6 6. Be3 e5 7. Nb3 Be6 8. Qd2 Be7 9. f4 exf4 10. Bxf4 Nc6 11. 0-0-0 Ne5 12. Nd4 Qc8 13. Bd3 0-0 14. Nf5 Bxf5 15. exf5 b5 16. Rhf1 b4 17. Ne4 Qxf5 18. Nxd6 Nxd3+ 19. Qxd3 Qxd3 20. Rxd3 Rfd8 21. Nf5 Rxd3 22. Nxe7+ Kf8 23. cxd3 Kxe7 24. Bg5 Rc8+ 25. Kd2 Rc6 26. Rf4 h6 27. Re4+ Kd7 28. Rd4+ Kc8 29. Bh4 g5 30. Bg3 a5 31. Rc4 Kd7 32. Rxc6 Kxc6 33. Ke3 Kd5 34. b3 Ne8 35. Bb8 f5 36. Ba7 Nd6 37. Bb6 Nb7 38. g3 Kc6 39. Bd4 Nc5 40. Bg7 h5 41. Bf6 Ne6 1/2-1/2

[Event "Budapest FS04 IM-A"]
[Site "Budapest"]
[Date "2002.04.10"]
[Round "9"]
[White "Balogh, Viktor"]
[Black "Hardicsay, Peter"]
[Result "1/2-1/2"]
[WhiteElo "2236"]
[BlackElo "2312"]
[PlyCount "56"]
[EventDate "2002.04.02"]
[EventType "tourn"]
[EventRounds "9"]
[EventCountry "HUN"]
[EventCategory "2"]
[SourceTitle "CBM 087 Extra"]
[Source "ChessBase"]
[SourceDate "2002.05.03"]
[SourceVersion "2"]
[SourceVersionDate "2002.08.09"]
[SourceQuality "1"]

1. e4 c5 2. Nf3 Nc6 3. Nc3 Nf6 4. Bc4 e6 5. d4 cxd4 6. Nxd4 d6 7. Be3 Be7 8. Bb3 0-0 9. Qe2 a6 10. 0-0-0 Qc7 11. g4 Nd7 12. g5 Nc5 13. h4 Bd7 14. Kb1 Nxb3 15. axb3 b5 16. f4 b4 17. Na4 Rfb8 18. Qc4 Qb7 19. h5 Na5 20. Qd3 Bb5 21. Qd2 Qxe4 22. Rhe1 Bxa4 23. bxa4 Nc4 24. Qd3 Qxd3 25. Rxd3 Rc8 26. Bc1 Bf8 27. g6 Re8 28. b3 Nb6 1/2-1/2